Inmigración en la Argentina

محفوظ في:
التفاصيل البيبلوغرافية
المؤلف الرئيسي: Panettieri, José (autor)
التنسيق: كتاب
اللغة:الإسبانية
منشور في: Buenos Aires Ediciones Macchi 1970
سلاسل:Colección Humanidades Temas de Historia, 3
الموضوعات:
الوسوم: إضافة وسم
لا توجد وسوم, كن أول من يضع وسما على هذه التسجيلة!

MARC

LEADER 00000nam a2200000 a 4500
001 UCO3165
003 CL-VaPUC
008 000714e19700000AG |||||||||||||||||spa|d
082 0 4 |a 325.82  |b PAN  |2 21 
100 |a Panettieri, José  |e autor  |9 561963 
245 1 0 |a Inmigración en la Argentina 
300 |a 142 p 
942 |c BK 
945 |d 20000714 00:00:00  |a rherrera 
260 |a Buenos Aires  |b Ediciones Macchi  |c 1970 
650 0 |a Inmigración  |9 268290 
650 7 |a HISTORIA DE ARGENTINA SIGLO 19  |2 CL-VaPUC  |9 378483 
650 7 |a ITALIANOS  |2 CL-VaPUC  |9 446950 
650 7 |a POLITICA DE INMIGRACION  |2 CL-VaPUC  |9 447075 
650 0 |a Colonización  |9 265172 
651 0 |a Argentina  |9 254888 
583 |a last modification  |c 20160829 03:26:19  |k Rodrigo Vera 
490 0 |a Colección Humanidades Temas de Historia, 3 
999 |c 289635  |d 289633 
952 |0 0  |1 0  |4 0  |6 325_820000000000000_PAN_1970  |7 0  |8 A  |9 338205  |a BIBHIS  |b BIBHIS  |d 2019-11-20  |i 1299824  |o 325.82 PAN 1970  |p 1299824  |r 2025-01-20  |w 2019-11-20  |y BK  |k HIS